00939nam a2200205 a 4500999001500000003000400015005001700019008003900036016001900075040001400094100004500108245024700153260008300400300002700483650002900510650002800539710004000567942001600607952011000623 c7613d7613OSt20211227131756.0A00321s1972 sp 000 spa aDL M15959-1974 bcatcCDMR1 aMartínez Albertos, José Luís9210810aLibertad y responsabilidad del público lector de publicaciones infantiles y juveniles: [V curso para la obtención del diploma en publicaciones infantiles y juveniles, Madrid 12 febrero-8 marzo 1973] / cpor José Luis Martínez Albertos aMadrid : bPublicaciones de la Secretaría de la Escuela de Periodismo,c1974 a[3] pàginesc; 22 cm00aRevistes infantils9416600aRevistes juvenils948032 aEscuela Oficial de Periodismo92816 2udccFULLET 00104070aCDMRbCDMRd2021-12-27eDonaciól0oBc EOP/13pCDMR21120144r2021-12-27w2021-12-27yFULLET